Los panistas : quiénes son : dónde están : qué representan /

El objetivo de este libro es presentar el devenir de uno de los principales actores de la política mexicana: el Partido Acción Nacional. Con este fin, se recopiló información sobre los militantes que hoy desempeñan un papel relevante en la vida política del país, ya sea en el gobierno, la estructura...

Deskribapen osoa

Gorde:
Xehetasun bibliografikoak
Egile nagusia: Cuéllar Hernández, Mireya (autor)
Beste egile batzuk: Loaeza, Soledad (prólogo) (prólogo)
Formatua: Liburua
Hizkuntza:gaztelania
Argitaratua: México : La Jornada, 2003, c2003
Gaiak:
Etiketak: Etiketa erantsi
Etiketarik gabe, Izan zaitez lehena erregistro honi etiketa jartzen!

MARC

LEADER 00000nam^a2200000^a^4500
001 000156633
005 20250521000000.0
009 20260310100511.434
020 |a 9686719-73-3 
037 |a Acervo ITESO - Biblioteca 
041 |a ESP 
082 |a 324. 20972  |b CUE 
100 |a Cuéllar Hernández, Mireya  |e (autor) 
245 1 4 |a Los panistas :  |b quiénes son : dónde están : qué representan /  |c M. Cuéllar Hernández ; pról. de S. Loaeza. 
264 4 |a México :  |b La Jornada,  |c 2003, c2003 
300 |a 279 p. 
336 |a texto  |b txt  |2 rdacontenido 
337 |a sin mediación  |b n  |2 rdamedio 
338 |a volumen  |b nc  |2 rdasoporte 
520 |a El objetivo de este libro es presentar el devenir de uno de los principales actores de la política mexicana: el Partido Acción Nacional. Con este fin, se recopiló información sobre los militantes que hoy desempeñan un papel relevante en la vida política del país, ya sea en el gobierno, la estructura partidista o el poder legislativo. 
649 |a XX 
650 |a Políticos Mexicanos 
650 |a Funcionarios Públicos Mexicanos 
650 |a Partido Acción Nacional -  |z México -  |x Historia 
650 |a Partidos Políticos -  |z México 
650 |a Política -  |z México -  |x Historia -  |y Siglo XX 
650 |a México -  |x Condiciones Políticas 
700 |a Loaeza, Soledad  |e (prólogo) 
910 |a Fondo General 
920 |a Impresos - Libros 
930 |a Colección General 
905 |a 101 
901 |a 0500085250  |b IT1  |c ACC  |u 20250521 
902 |a https://opac.biblio.iteso.mx/vufind/Record/000156633